تيسير العلامه: شرح عمدة الاحكام / (Record no. 54657)
[ view plain ]
| 000 -الفاتح | |
|---|---|
| حقل البيانات ثابتة الطول | 00755nam a2200169Ia 4500 |
| 005 - وقت وتاريخ اخر تعامل مع التسجيلة | |
| رقم الضبط | 20240530105306.0 |
| 008 - عناصر البيانات ثابتة الطول - معلومات عامة | |
| حقل البيانات ثابتة الطول | 140319s9999 xx 000 0 ara d |
| 040 ## - مصدر الفهرسة | |
| وكالة الفهرسة الأصلية | GCL / |
| وكالة النسخ | GCL |
| 082 04 - رقم تصنيف ديوى العشرى | |
| رقم التصنيف | 237.2 |
| رقم المادة | ج ت |
| 100 ## - المدخل الرئيسى - إسم شخصى | |
| الإسم الشخصى | الجماعيلى ،تقى الدين ابومحمد عبدالغنى بن عبدالواحد بن على بن سرور الدمشقى |
| 245 10 - بيان العنوان | |
| العنوان | تيسير العلامه: شرح عمدة الاحكام / |
| بيان المسئوليه,etc | الجماعيلى ،تقى الدين ابومحمد عبدالغنى بن عبدالواحد بن على بن سرور الدمشقى |
| 650 04 - المدخل الاضافى بالموضوع-مصطلح موضوعى | |
| مصطلح موضوعي | تفسير الحديث |
| 700 1# - المدخل الاضافى - اسم شخصى | |
| الإسم الشخصى | ابن صالح ال بسام |
| 942 ## - عناصر المدخل الإضافي( كوها) | |
| مصدر التصنيف او مخطط الترفيف | Dewey Decimal Classification |
| Koha [default] item type | كتاب |
| 260 ## - PUBLICATION, DISTRIBUTION, ETC. (IMPRINT) | |
| -- | [S.N] : |
| -- | مؤسسة الخدمات للطباعة |
| حالة التراجع | حالة الفقد | حالة تلف | ليس للاعارة | المكان المؤقت | الموقع الحالى | تاريخ الاكتساب | اجمالي اﻻعارات | رقم الطلب | الباركود | تاريخ اخر مشاهدة | تاريخ تفعيل السعر | نوع وعاء كوها |
|---|---|---|---|---|---|---|---|---|---|---|---|---|
| مكتبة القاهرة الكبرى | مكتبة القاهرة الكبرى | 03/26/2014 | 237.2\ج ت | 131429 | 03/26/2014 | 03/26/2014 | كتاب | |||||
| مكتبة القاهرة الكبرى | مكتبة القاهرة الكبرى | 03/26/2014 | 237.2\ج ت | 131430 | 03/26/2014 | 03/26/2014 | كتاب | |||||
| مكتبة القاهرة الكبرى | مكتبة القاهرة الكبرى | 03/26/2014 | 237.2\ع ت | 131431 | 03/26/2014 | 03/26/2014 | كتاب | |||||
| مكتبة القاهرة الكبرى | مكتبة القاهرة الكبرى | 03/26/2014 | 237.2\ع ت | 131432 | 03/26/2014 | 03/26/2014 | كتاب |

